00681nam a2200217Ia 4500003000900000008004100009040001300050040001300063041000800076100001900084245009600103250001100199260002100210260000900231300000800240490000800248490000600256942000700262999001300269952018100282IT-RoPAU120407s9999 xx 000 0 und d aIT-RoPAU cIT-RoPAU aita aVirgil Redlich aQuesto è il tuo giorno. Funzione vitale della “Domenica” nella vita di ogni cristiano aMilano aEdizioni Paoline c1954 c cm aVda v1 cBK c278d278 00102ddc406248_95000000000000071aPAULUSbPAULUSd2012-04-11l0o248.95r2012-04-11 00:00:00w2012-04-11yBKzInserito da: In data: n.d. fondo: Via A.Severo 56 Progr:30530